00322pab a2200121 454500008004000000100002200040245007700062260000900139300001500148362000800163650001400171773001500185180718b2017 xxu||||| |||| 00| 0 eng d aPercival, Richard aHow to do things with jurisdictions: Wales and the jurisdiction question c2017 ap.249-269. aApr aJudiciary aPublic Law